[Event "Woerishofen sen 2016"]
[Site "Bad Woerishofen"]
[Date "2016.03.01"]
[Round "5.39"]
[White "Winter, Reinhold"]
[Black "Fitzke, Ulrich"]
[Result "0-1"]
[WhiteElo "1748"]
[BlackElo "1909"]
[PlyCount "84"]
[EventDate "2016.02.26"]
[EventType "swiss"]
[EventCountry "GER"]
[WhiteTeam "Neuenkirchen SF"]
[BlackTeam "Berlin SV Bau Union"]
[WhiteTeamCountry "GER"]
[BlackTeamCountry "GER"]

1. c4 Nf6 2. d4 e6 3. Nc3 d5 4. Bg5 Be7 5. cxd5 Nxd5 6. Bxe7 Nxe7 7. g3 O-O 8.
Bg2 Nbc6 9. e3 b6 10. Nge2 Bb7 11. O-O Na5 12. Bxb7 Nxb7 13. Rc1 c5 14. dxc5
Nxc5 15. Nd4 a6 16. b4 Nb7 17. Qf3 Qb8 18. Nc6 Nxc6 19. Qxc6 b5 20. Rfd1 Rd8
21. Rxd8+ Nxd8 22. Qc5 Qc8 23. Ne4 Qxc5 24. Rxc5 f6 25. Rc7 Nf7 26. Nc5 Nd8 27.
f4 Kf8 28. Kf2 a5 29. Nd7+ Ke8 30. Nb6 Ra6 31. bxa5 Rxa5 32. Rc2 Ra6 33. Nc8
Kd7 34. Kf3 Nc6 35. h4 Kxc8 36. g4 Kd7 37. g5 Ra3 38. Rd2+ Ke7 39. gxf6+ gxf6
40. Rg2 Nd4+ 41. Ke4 Nf5 42. Re2 Ng3+ 0-1

[Event "Woerishofen sen 2016"]
[Site "Bad Woerishofen"]
[Date "2016.03.01"]
[Round "5.40"]
[White "Gailis, Gunnar"]
[Black "Bauder, Herbert"]
[Result "0-1"]
[WhiteElo "1753"]
[BlackElo "1897"]
[PlyCount "54"]
[EventDate "2016.02.26"]
[EventType "swiss"]
[EventCountry "GER"]
[WhiteTeam "Hilden SV"]
[BlackTeam "Steglitz Wilmersdorf SG Lasker"]
[WhiteTeamCountry "GER"]
[BlackTeamCountry "GER"]

1. d4 Nf6 2. c4 g6 3. Nc3 Bg7 4. e4 d6 5. Be2 O-O 6. Bf4 Nfd7 7. Qd2 Nc6 8. Be3
e5 9. d5 Nd4 10. Nf3 Nxe2 11. Nxe2 Nf6 12. Qd3 Ng4 13. Bd2 f5 14. h3 fxe4 15.
Qb3 exf3 16. hxg4 fxe2 17. Kxe2 Bxg4+ 18. f3 Bd7 19. Bh6 Rf7 20. Bxg7 Rxg7 21.
Qe3 Qf6 22. g3 e4 23. fxe4 Qxb2+ 24. Kd3 Qa3+ 25. Kd4 Qxe3+ 26. Kxe3 Re8 27.
Kd4 b6 0-1

[Event "Woerishofen sen 2016"]
[Site "Bad Woerishofen"]
[Date "2016.03.01"]
[Round "5.41"]
[White "Neumann, Erwin"]
[Black "Straesser, Gerda"]
[Result "1-0"]
[WhiteElo "1870"]
[BlackElo "1696"]
[PlyCount "51"]
[EventDate "2016.02.26"]
[EventType "swiss"]
[EventCountry "GER"]
[WhiteTeam "Schwaebisch Hall SK"]
[BlackTeam "Rottweil SV"]
[WhiteTeamCountry "GER"]
[BlackTeamCountry "GER"]

1. e4 e6 2. d4 d5 3. Nc3 dxe4 4. Nxe4 Nd7 5. Nf3 Ngf6 6. Nxf6+ Nxf6 7. Be2 Be7
8. O-O O-O 9. c3 b6 10. Ne5 Bb7 11. Bf3 Bxf3 12. Qxf3 Qd5 13. Qe2 c5 14. Be3
Rfd8 15. c4 Qb7 16. dxc5 bxc5 17. Rad1 Qc7 18. f4 Nd7 19. Qf3 Nxe5 20. fxe5 f6
21. exf6 Bxf6 22. b3 Bd4 23. Bxd4 cxd4 24. Rxd4 Rf8 25. Rf4 Rxf4 26. Qxa8+ 1-0

[Event "Woerishofen sen 2016"]
[Site "Bad Woerishofen"]
[Date "2016.03.01"]
[Round "5.43"]
[White "Bachmann, Rolf"]
[Black "Koch, Dieter"]
[Result "1/2-1/2"]
[WhiteElo "1993"]
[BlackElo "1747"]
[PlyCount "44"]
[EventDate "2016.02.26"]
[EventType "swiss"]
[EventCountry "GER"]
[WhiteTeam "Hamm SV"]
[BlackTeam "-"]
[WhiteTeamCountry "GER"]

1. c4 d6 2. Nc3 e5 3. g3 f5 4. Bg2 c6 5. d3 Nf6 6. e3 Be7 7. Nge2 a5 8. O-O O-O
9. Rb1 Na6 10. a3 Nc7 11. Qc2 Be6 12. b3 Qe8 13. d4 Qh5 14. h3 g5 15. f3 Kh8
16. Bd2 Nd7 17. g4 Qf7 18. Ng3 exd4 19. exd4 f4 20. Nh1 d5 21. c5 Qg7 22. Ne2
Bf7 1/2-1/2

[Event "Woerishofen sen 2016"]
[Site "Bad Woerishofen"]
[Date "2016.03.01"]
[Round "5.44"]
[White "Fuchs, Joachim"]
[Black "Aufmwasser, Guenter"]
[Result "0-1"]
[WhiteElo "1884"]
[BlackElo "1701"]
[PlyCount "108"]
[EventDate "2016.02.26"]
[EventType "swiss"]
[EventCountry "GER"]
[WhiteTeam "Starnberg SC"]
[BlackTeam "Hilden SV"]
[WhiteTeamCountry "GER"]
[BlackTeamCountry "GER"]

1. d4 Nf6 2. c4 e5 3. dxe5 Ne4 4. a3 b6 5. Nf3 Bb7 6. g3 Be7 7. Bg2 O-O 8. O-O
a5 9. Qc2 f5 10. Nc3 Nxc3 11. Qxc3 Na6 12. Be3 Nc5 13. Rfd1 Qe8 14. b4 Ne4 15.
Qb2 d6 16. Rac1 axb4 17. axb4 Rd8 18. Ra1 dxe5 19. Nxe5 Bf6 20. f4 Nd6 21. Bxb7
Nxb7 22. c5 Qe6 23. Bd4 Rd5 24. cxb6 cxb6 25. e3 Rfd8 26. Rdc1 Bxe5 27. fxe5
R5d7 28. Qe2 Rf8 29. Rc2 h6 30. Rac1 Nd8 31. b5 Kh7 32. Rc8 Qg6 33. Qf2 Ne6 34.
Rxf8 Nxf8 35. Rc6 Qg4 36. Rxb6 Ra7 37. Rxh6+ gxh6 38. Bxa7 Ne6 39. b6 Ng5 40.
Kf1 Qc4+ 41. Qe2 Qc1+ 42. Kf2 Qh1 43. Qh5 Ne4+ 44. Ke2 Nxg3+ 45. hxg3 Qxh5+ 46.
Kd3 Qf3 47. Kd4 Qe4+ 48. Kc5 Qb7 49. Kd6 Kg7 50. e6 Kf8 51. Ke5 Ke7 52. Kxf5
Qd5+ 53. Kf4 Kxe6 54. Bb8 Qf5# 0-1

[Event "Woerishofen sen 2016"]
[Site "Bad Woerishofen"]
[Date "2016.03.01"]
[Round "5.45"]
[White "Haakert, Karl"]
[Black "Wraga, Teresa"]
[Result "1-0"]
[WhiteElo "1855"]
[BlackElo "1687"]
[PlyCount "81"]
[EventDate "2016.02.26"]
[EventType "swiss"]
[EventCountry "GER"]
[WhiteTeam "Muelheim SV Turm"]
[BlackTeam "Osnabrueck SG"]
[WhiteTeamCountry "GER"]
[BlackTeamCountry "GER"]

1. e4 d6 2. d4 Nf6 3. Nc3 g6 4. h3 Bg7 5. Nf3 O-O 6. Be3 c6 7. Be2 b5 8. a3 Bb7
9. O-O Nbd7 10. b4 Qc7 11. Qd2 a6 12. Bh6 Rfd8 13. Bxg7 Kxg7 14. Qe3 e5 15.
Rfd1 c5 16. bxc5 dxc5 17. d5 Nb6 18. Rab1 Qd6 19. Na2 Rab8 20. Nd2 Na4 21. c4
Nb6 22. cxb5 axb5 23. Bxb5 Rdc8 24. Rdc1 Nfd7 25. Bxd7 Nxd7 26. Nc4 Qf6 27. Nc3
Ba6 28. Na5 Rxb1 29. Rxb1 Qd6 30. Nc6 Ra8 31. Nb5 Bxb5 32. Rxb5 Ra6 33. Qc3 c4
34. Qxc4 Qxa3 35. Qc2 Qa1+ 36. Rb1 Qa3 37. Kh2 Nf6 38. Nxe5 Qd6 39. f4 Nxd5 40.
exd5 Qxd5 41. Qc4 1-0

[Event "Woerishofen sen 2016"]
[Site "Bad Woerishofen"]
[Date "2016.03.01"]
[Round "5.46"]
[White "Skibbe, Hannes"]
[Black "Blutharsch, Walter"]
[Result "0-1"]
[WhiteElo "1766"]
[BlackElo "1854"]
[PlyCount "24"]
[EventDate "2016.02.26"]
[EventType "swiss"]
[EventCountry "GER"]
[WhiteTeam "Hessenstein TSV"]
[BlackTeam "Sindelfingen VfL"]
[WhiteTeamCountry "GER"]
[BlackTeamCountry "GER"]

1. e4 e5 2. d4 exd4 3. Nf3 d6 4. Nxd4 Be7 5. Nc3 a6 6. Be2 c5 7. Nf3 Nc6 8. O-O
Nf6 9. Re1 O-O 10. h3 Be6 11. Bf4 Re8 12. Bd3 h6 0-1

[Event "Woerishofen sen 2016"]
[Site "Bad Woerishofen"]
[Date "2016.03.01"]
[Round "5.47"]
[White "Titz, Waldemar"]
[Black "Lubberich, Alfred"]
[Result "1/2-1/2"]
[WhiteElo "1725"]
[BlackElo "1848"]
[PlyCount "34"]
[EventDate "2016.02.26"]
[EventType "swiss"]
[EventCountry "GER"]
[WhiteTeam "Rottweil SV"]
[BlackTeam "Nettetal SG"]
[WhiteTeamCountry "GER"]
[BlackTeamCountry "GER"]

1. e4 c5 2. Nf3 d6 3. c4 Nc6 4. d4 cxd4 5. Nxd4 g6 6. Nc3 Bg7 7. Be3 Nf6 8. Be2
O-O 9. O-O Nxd4 10. Bxd4 Bd7 11. f3 Bc6 12. Qd2 a6 13. Rfd1 Qd7 14. Rac1 Rac8
15. Nd5 Bxd5 16. cxd5 Rxc1 17. Rxc1 Rc8 1/2-1/2

[Event "Woerishofen sen 2016"]
[Site "Bad Woerishofen"]
[Date "2016.03.01"]
[Round "5.48"]
[White "Sand, Rosemarie"]
[Black "Oser, Thor"]
[Result "1/2-1/2"]
[WhiteElo "1723"]
[BlackElo "1838"]
[PlyCount "30"]
[EventDate "2016.02.26"]
[EventType "swiss"]
[EventCountry "GER"]
[WhiteTeam "Tuebingen SV"]
[BlackTeam "Joehlingen SK"]
[WhiteTeamCountry "GER"]
[BlackTeamCountry "GER"]

1. d4 d5 2. c4 e6 3. Nf3 c6 4. Qc2 h6 5. g3 Bd6 6. Bg2 Nd7 7. Nbd2 Ngf6 8. O-O
O-O 9. e4 dxe4 10. Nxe4 Nxe4 11. Qxe4 Nf6 12. Qc2 Nd7 13. Rd1 Qf6 14. b3 Qe7
15. Bb2 Ba3 1/2-1/2

[Event "Woerishofen sen 2016"]
[Site "Bad Woerishofen"]
[Date "2016.03.01"]
[Round "5.49"]
[White "Kumeth, Hartmut"]
[Black "Schlemminger, Degenhard"]
[Result "1/2-1/2"]
[WhiteElo "1833"]
[BlackElo "1678"]
[PlyCount "51"]
[EventDate "2016.02.26"]
[EventType "swiss"]
[EventCountry "GER"]
[WhiteTeam "Oldenburg SK"]
[BlackTeam "Reutlingen SV"]
[WhiteTeamCountry "GER"]
[BlackTeamCountry "GER"]

1. d4 e6 2. Nf3 Nf6 3. Bf4 b6 4. h3 Bb7 5. e3 Nc6 6. Be2 d5 7. O-O Bd6 8. Bxd6
Qxd6 9. Nbd2 O-O 10. c3 a5 11. Qc2 Ne7 12. Bd3 c5 13. Ng5 g6 14. Rfe1 c4 15.
Bf1 h6 16. Ngf3 b5 17. Ne5 Kg7 18. Be2 Nd7 19. Nxd7 Qxd7 20. e4 dxe4 21. Nxe4
Bxe4 22. Qxe4 Ra6 23. Bf3 Rd6 24. Rad1 Nd5 25. g4 b4 26. Qc2 1/2-1/2

[Event "Woerishofen sen 2016"]
[Site "Bad Woerishofen"]
[Date "2016.03.01"]
[Round "5.50"]
[White "Mahrla, Hans"]
[Black "Schweitzer, Paul"]
[Result "0-1"]
[WhiteElo "1820"]
[BlackElo "1652"]
[PlyCount "76"]
[EventDate "2016.02.26"]
[EventType "swiss"]
[EventCountry "GER"]
[WhiteTeam "Eichenau SC"]
[BlackTeam "Zehlendorf SK"]
[WhiteTeamCountry "GER"]
[BlackTeamCountry "GER"]

1. e4 b6 2. d4 e6 3. Bd3 Bb4+ 4. c3 Be7 5. f4 Bb7 6. Nf3 Bh4+ 7. g3 Be7 8. O-O
h5 9. Be3 c5 10. Nbd2 Nf6 11. Ne5 cxd4 12. cxd4 Nc6 13. h3 d5 14. Bb5 Rc8 15.
Rc1 dxe4 16. Nxc6 Bxc6 17. Bxc6+ Rxc6 18. Rxc6 Qd5 19. Rc8+ Bd8 20. Qa4+ b5 21.
Qxa7 Qd7 22. Qxd7+ Kxd7 23. Rfc1 Nd5 24. Kf2 f5 25. a3 h4 26. Nf1 hxg3+ 27. Kg2
g5 28. Rxd8+ Kxd8 29. Kxg3 gxf4+ 30. Bxf4 Rg8+ 31. Kh2 Nxf4 32. Rc2 Kd7 33. Rf2
Nd5 34. Re2 Kd6 35. Ne3 Nf4 36. Rf2 Nd3 37. Rd2 Ne1 38. h4 Nf3+ 0-1

[Event "Woerishofen sen 2016"]
[Site "Bad Woerishofen"]
[Date "2016.03.01"]
[Round "5.51"]
[White "Alefs, Heinz"]
[Black "Thielemann, Joachim"]
[Result "0-1"]
[WhiteElo "2016"]
[BlackElo "1811"]
[PlyCount "136"]
[EventDate "2016.02.26"]
[EventType "swiss"]
[EventCountry "GER"]
[WhiteTeam "Eichenau SC"]
[BlackTeam "Eutin SV"]
[WhiteTeamCountry "GER"]
[BlackTeamCountry "GER"]

1. c4 Nf6 2. g3 d6 3. Bg2 g6 4. Nc3 c6 5. d4 Bg7 6. Nf3 O-O 7. e4 Bg4 8. h3
Bxf3 9. Qxf3 Nbd7 10. O-O Re8 11. Bg5 Qb6 12. Be3 Qxb2 13. Bg5 Qb6 14. d5 Qc7
15. Rab1 Rab8 16. Rb3 a6 17. Rfb1 Nc5 18. Rb6 Nfd7 19. R6b2 Ne5 20. Qe2 Ned3
21. Rc2 a5 22. a3 Ne5 23. Be3 Ned7 24. Rcb2 Rf8 25. Rc2 a4 26. Qd1 Ra8 27. Bd4
e5 28. dxe6 Bxd4 29. exf7+ Rxf7 30. Qxd4 Nb3 31. Qe3 Ndc5 32. Re2 Qe7 33. Rbe1
Na5 34. Qd4 Nab3 35. Qd1 Qe6 36. e5 dxe5 37. Rxe5 Qxc4 38. Nd5 Qd4 39. Qxd4
Nxd4 40. Ne7+ Kf8 41. Nxg6+ hxg6 42. Rxc5 Nf3+ 43. Bxf3 Rxf3 44. Re3 Rf6 45.
Rec3 Ke7 46. g4 Kd7 47. Kg2 Raf8 48. f3 Rf4 49. Re3 Kd6 50. Rg5 R8f6 51. Rd3+
Kc7 52. Kg3 b5 53. Rxg6 Rxf3+ 54. Rxf3 Rxg6 55. h4 c5 56. h5 Rh6 57. Kh4 b4 58.
axb4 cxb4 59. Rf4 Rb6 60. g5 a3 61. g6 a2 62. Rf1 b3 63. g7 Rb8 64. h6 b2 65.
Rf8 Rb4+ 66. Kg5 b1=Q 67. g8=Q Qg1+ 68. Kf5 Qf2+ 0-1

[Event "Woerishofen sen 2016"]
[Site "Bad Woerishofen"]
[Date "2016.03.01"]
[Round "5.52"]
[White "Juenger, Leonhard"]
[Black "Wraga, Hermann"]
[Result "1-0"]
[WhiteElo "1807"]
[BlackElo "1667"]
[PlyCount "129"]
[EventDate "2016.02.26"]
[EventType "swiss"]
[EventCountry "GER"]
[WhiteTeam "Aachener SV"]
[BlackTeam "Osnabrueck SG"]
[WhiteTeamCountry "GER"]
[BlackTeamCountry "GER"]

1. e4 d6 2. d4 Nf6 3. Nc3 g6 4. Be3 c6 5. f3 b5 6. Qd2 Nbd7 7. g4 Bb7 8. g5 Ng8
9. O-O-O Qc7 10. Kb1 O-O-O 11. Nh3 a6 12. Nf2 Kb8 13. h4 h5 14. gxh6 Bxh6 15.
Bxh6 Nxh6 16. h5 Ng8 17. h6 Ngf6 18. Ng4 Nh7 19. Bg2 Ba8 20. Qe3 e5 21. Rd2 Nb6
22. b3 b4 23. Nd1 Nd7 24. Nb2 f5 25. exf5 gxf5 26. Nf2 f4 27. Qd3 Bb7 28. Bh3
Ndf6 29. Rg1 Rhg8 30. Rxg8 Rxg8 31. Be6 Rg1+ 32. Rd1 Rxd1+ 33. Qxd1 Bc8 34.
Bxc8 Qxc8 35. dxe5 dxe5 36. Qd6+ Qc7 37. Qxb4+ Kc8 38. Nc4 Kd8 39. Qd6+ Qxd6
40. Nxd6 Ng5 41. Nfe4 Nfh7 42. Nxg5 Nxg5 43. Ne4 Nh7 44. b4 Kc7 45. c4 Kb6 46.
Kc2 a5 47. a3 axb4 48. axb4 Kc7 49. Kc3 Kb6 50. Kb3 Kc7 51. Ka4 Kb6 52. b5
cxb5+ 53. cxb5 Kb7 54. Ka5 Ka7 55. b6+ Kb7 56. Kb5 Kb8 57. Kc6 Kc8 58. Kd6 Kb7
59. Kxe5 Kxb6 60. Kxf4 Kc6 61. Ng5 Nf6 62. h7 Nxh7 63. Nxh7 Kd7 64. Kf5 Ke7 65.
Kg6 1-0

[Event "Woerishofen sen 2016"]
[Site "Bad Woerishofen"]
[Date "2016.03.01"]
[Round "5.53"]
[White "Westermayer, Johann"]
[Black "Flockerzi, Armin"]
[Result "0-1"]
[WhiteElo "1599"]
[BlackElo "1806"]
[PlyCount "66"]
[EventDate "2016.02.26"]
[EventType "swiss"]
[EventCountry "GER"]
[WhiteTeam "AUT"]
[BlackTeam "Koblenz VfR SC"]
[WhiteTeamCountry "AUT"]
[BlackTeamCountry "GER"]

1. d4 d5 2. Nf3 Nf6 3. c4 c6 4. e3 e6 5. Nbd2 Be7 6. b3 b6 7. Bb2 Bb7 8. Bd3
Nbd7 9. Rc1 Qc7 10. e4 dxe4 11. Nxe4 O-O 12. O-O Nxe4 13. Bxe4 Bf6 14. Bb1 Rad8
15. Qd3 g6 16. h4 c5 17. h5 Qf4 18. Rcd1 Bxf3 19. Qxf3 Qxf3 20. gxf3 Kg7 21.
hxg6 hxg6 22. Rd2 Nb8 23. Rfd1 Nc6 24. d5 exd5 25. Bxf6+ Kxf6 26. Rxd5 Nd4 27.
Rxd8 Rxd8 28. Rd3 Kg5 29. Kg2 Re8 30. Re3 Re6 31. Rxe6 Nxe6 32. Be4 f5 33. Bd3
Nf4+ 0-1

[Event "Woerishofen sen 2016"]
[Site "Bad Woerishofen"]
[Date "2016.03.01"]
[Round "5.54"]
[White "Gepting, Konrad"]
[Black "Rothenhagen, Siegfried"]
[Result "0-1"]
[WhiteElo "1620"]
[BlackElo "1806"]
[PlyCount "56"]
[EventDate "2016.02.26"]
[EventType "swiss"]
[EventCountry "GER"]
[WhiteTeam "Marktoberdorf SK"]
[BlackTeam "Windach SF"]
[WhiteTeamCountry "GER"]
[BlackTeamCountry "GER"]

1. b3 d5 2. Bb2 Bf5 3. e3 e6 4. h3 h6 5. Nf3 Nf6 6. Nd4 Bh7 7. Nc3 Be7 8. Be2
O-O 9. Bf3 c5 10. Nde2 Nc6 11. Ng3 a6 12. Nh5 Nxh5 13. Bxh5 Bf6 14. d3 b5 15.
Qc1 Qa5 16. O-O Bxc3 17. Bxc3 Qxc3 18. f4 Ne7 19. Bf3 Rac8 20. g4 c4 21. bxc4
bxc4 22. e4 Qd4+ 23. Kh1 cxd3 24. g5 dxe4 25. Bd1 Nf5 26. gxh6 Ng3+ 27. Kg2
Nxf1 28. Kxf1 e3 0-1

[Event "Woerishofen sen 2016"]
[Site "Bad Woerishofen"]
[Date "2016.03.01"]
[Round "5.55"]
[White "Reichwald, Klaus"]
[Black "Bartlitz, Heinz"]
[Result "1-0"]
[WhiteElo "1852"]
[BlackElo "1659"]
[PlyCount "71"]
[EventDate "2016.02.26"]
[EventType "swiss"]
[EventCountry "GER"]
[WhiteTeam "Lohhof SC"]
[BlackTeam "Bramfelder SK"]
[WhiteTeamCountry "GER"]
[BlackTeamCountry "GER"]

1. e4 d6 2. d4 Nf6 3. Nc3 g6 4. Nf3 Bg7 5. Be2 O-O 6. h3 c6 7. Be3 b5 8. Bd3
Nbd7 9. O-O a6 10. Qd2 Qc7 11. Bh6 e5 12. Bxg7 Kxg7 13. Ne2 Nh5 14. c3 c5 15.
g4 Nhf6 16. Ng3 Nb6 17. b3 c4 18. Bc2 Bd7 19. b4 Rfe8 20. d5 Qc8 21. Nh4 Qd8
22. Ng2 Rh8 23. f4 h5 24. g5 Ng8 25. h4 Ne7 26. f5 Kh7 27. Qf2 Rf8 28. Ne3 Qb8
29. Qe2 Rh8 30. fxg6+ Kg8 31. gxf7+ Kf8 32. Rf6 Nbc8 33. Raf1 Qb6 34. Kh2 a5
35. Rh6 Rxh6 36. gxh6 1-0

[Event "Woerishofen sen 2016"]
[Site "Bad Woerishofen"]
[Date "2016.03.01"]
[Round "5.56"]
[White "Braeu, Emmi"]
[Black "Dallmeier, Gerhard"]
[Result "0-1"]
[WhiteElo "1624"]
[BlackElo "1841"]
[PlyCount "84"]
[EventDate "2016.02.26"]
[EventType "swiss"]
[EventCountry "GER"]
[WhiteTeam "Marktoberdorf SK"]
[BlackTeam "Weissenfels Roland"]
[WhiteTeamCountry "GER"]
[BlackTeamCountry "GER"]

1. Nf3 Nf6 2. c4 g6 3. g3 Bg7 4. Nc3 d6 5. d4 Nbd7 6. Bg2 O-O 7. O-O e5 8. dxe5
dxe5 9. e4 c6 10. Qc2 Qe7 11. b3 Re8 12. h3 a5 13. Be3 Nc5 14. Rfd1 Nfd7 15.
Rd2 Nf8 16. Rad1 f5 17. Bxc5 Qxc5 18. Na4 Qe7 19. Ne1 Ne6 20. exf5 Nd4 21. Qb1
Bxf5 22. Be4 Rf8 23. Bxf5 gxf5 24. Rd3 Rad8 25. Nc3 Qg5 26. Nf3 Nxf3+ 27. Rxf3
e4 28. Rxd8 Rxd8 29. h4 Qd2 30. Nxe4 Qd1+ 31. Qxd1 Rxd1+ 32. Kg2 fxe4 33. Re3
Rd4 34. g4 h6 35. g5 hxg5 36. hxg5 Be5 37. g6 Kg7 38. Rh3 b6 39. Kf1 Bf4 40.
Rh4 Bh6 41. Kg2 c5 42. Rg4 e3 0-1

[Event "Woerishofen sen 2016"]
[Site "Bad Woerishofen"]
[Date "2016.03.01"]
[Round "5.57"]
[White "Felger, Karl"]
[Black "Koppenhoefer, Heinz"]
[Result "1-0"]
[WhiteElo "1813"]
[BlackElo "1672"]
[PlyCount "73"]
[EventDate "2016.02.26"]
[EventType "swiss"]
[EventCountry "GER"]
[WhiteTeam "Schorndorf Schachmatt"]
[BlackTeam "Solln STSV"]
[WhiteTeamCountry "GER"]
[BlackTeamCountry "GER"]

1. d4 d5 2. f4 Bf5 3. Nf3 e6 4. g3 Nc6 5. Bg2 Be7 6. O-O h6 7. c3 Qd6 8. Nbd2
O-O-O 9. Ne5 f6 10. Nf7 Qd7 11. Nxh8 Bf8 12. e4 Bh7 13. exd5 exd5 14. Re1 g6
15. Qe2 Qg7 16. Qe6+ Kb8 17. Nf7 Rc8 18. Bh3 f5 19. Ne5 Nxe5 20. Rxe5 Nf6 21.
Re1 c6 22. Qe5+ Ka8 23. Qe2 g5 24. Qe6 Rd8 25. Bxf5 Bxf5 26. Qxf5 gxf4 27. Qxf4
Bd6 28. Qh4 Rd7 29. Nf3 Ne4 30. Bxh6 Qf6 31. Qxf6 Nxf6 32. Re6 Ne4 33. Re8+ Bb8
34. Bf4 Nd6 35. Rae1 b6 36. R8e7 Rxe7 37. Rxe7 1-0

[Event "Woerishofen sen 2016"]
[Site "Bad Woerishofen"]
[Date "2016.03.01"]
[Round "5.58"]
[White "Hahn, Volker"]
[Black "Dombrowe, Eckehard"]
[Result "1/2-1/2"]
[WhiteElo "1679"]
[BlackElo "1793"]
[PlyCount "148"]
[EventDate "2016.02.26"]
[EventType "swiss"]
[EventCountry "GER"]
[WhiteTeam "DBSB"]
[BlackTeam "Nettetal SG"]
[WhiteTeamCountry "GER"]
[BlackTeamCountry "GER"]

1. d4 d5 2. c4 e6 3. Nc3 Nf6 4. Bg5 Be7 5. Nf3 O-O 6. e3 Nbd7 7. Rc1 h6 8. Bh4
c6 9. Bd3 dxc4 10. Bxc4 Nd5 11. Bg3 N7f6 12. O-O Nxc3 13. bxc3 Ne4 14. Bf4 Bd6
15. Bxd6 Qxd6 16. Bd3 Nf6 17. c4 Qe7 18. c5 Rd8 19. Rb1 Nd5 20. Rb3 f6 21. Qb1
Rb8 22. Qb2 b5 23. cxb6 axb6 24. a3 Qb7 25. a4 Bd7 26. Rb1 Qa7 27. Nd2 Rb7 28.
Nc4 Be8 29. Nxb6 Nxb6 30. Rxb6 Rxb6 31. Qxb6 Ra8 32. Qxa7 Rxa7 33. Bc2 Ra5 34.
f4 Kf8 35. Rb8 Ke7 36. Rb7+ Kf8 37. Bb3 c5 38. dxc5 Rxc5 39. Bxe6 Ra5 40. Rb8
Ke7 41. Bb3 Bxa4 42. Bxa4 Rxa4 43. Rb7+ Kf8 44. Kf2 f5 45. Rb5 g6 46. Kf3 Kf7
47. g4 fxg4+ 48. Kxg4 g5 49. Kf3 gxf4 50. exf4 Kf6 51. Re5 Kg6 52. h3 h5 53. h4
Rb4 54. Rg5+ Kh6 55. Re5 Kg6 56. f5+ Kf6 57. Re4 Rb3+ 58. Kf4 Rb1 59. Re6+ Kf7
60. Kg5 Rf1 61. Rh6 Rg1+ 62. Kxh5 Rf1 63. Kg4 Rg1+ 64. Kf3 Rf1+ 65. Kg4 Rg1+
66. Kh3 Rh1+ 67. Kg2 Ra1 68. Rg6 Ra5 69. Rg5 Kf6 70. Kf3 Rxf5+ 71. Rxf5+ Kxf5
72. Kg3 Kg6 73. Kg4 Kh6 74. h5 Kh7 1/2-1/2

[Event "Woerishofen sen 2016"]
[Site "Bad Woerishofen"]
[Date "2016.03.01"]
[Round "5.59"]
[White "Aust, Werner"]
[Black "Albrecht, Franz"]
[Result "1-0"]
[WhiteElo "1786"]
[BlackElo "1600"]
[PlyCount "95"]
[EventDate "2016.02.26"]
[EventType "swiss"]
[EventCountry "GER"]
[WhiteTeam "Eichlinghofen SV"]
[BlackTeam "Starnberg SC"]
[WhiteTeamCountry "GER"]
[BlackTeamCountry "GER"]

1. c4 e6 2. d4 c5 3. e3 Nf6 4. Nc3 d5 5. Nf3 Bd6 6. g3 O-O 7. Bg2 Nc6 8. O-O a6
9. b3 Re8 10. Bb2 cxd4 11. Nxd4 Nxd4 12. exd4 dxc4 13. bxc4 Rb8 14. Rb1 Qc7 15.
c5 Be7 16. Na4 Rd8 17. Qb3 Nd5 18. Rfd1 b6 19. Ba1 b5 20. Nc3 Bb7 21. Nxd5 Bxd5
22. Bxd5 exd5 23. Re1 Bf6 24. Re2 Qc6 25. Rbe1 h6 26. Kg2 a5 27. Qa3 a4 28. Qb4
Re8 29. Qd2 Rxe2 30. Qxe2 b4 31. Qe3 b3 32. axb3 axb3 33. Rb1 Qb5 34. Qc3 Qc6
35. Rxb3 Rxb3 36. Qxb3 Qe6 37. Qe3 Qc6 38. h4 Qb7 39. Qe8+ Kh7 40. c6 Qc7 41.
Qd7 Bd8 42. Qxd5 Qa5 43. Qxa5 Bxa5 44. d5 Bc7 45. f4 f6 46. Bd4 Kg8 47. Bc5 Kf7
48. d6 1-0

[Event "Woerishofen sen 2016"]
[Site "Bad Woerishofen"]
[Date "2016.03.01"]
[Round "5.61"]
[White "Young, Mel J"]
[Black "Engl, Heinz"]
[Result "0-1"]
[WhiteElo "1912"]
[BlackElo "2015"]
[PlyCount "144"]
[EventDate "2016.02.26"]
[EventType "swiss"]
[EventCountry "GER"]
[WhiteTeam "ENG"]
[BlackTeam "Muenchen Blinden SC"]
[WhiteTeamCountry "ENG"]
[BlackTeamCountry "GER"]

1. e4 c5 2. d4 cxd4 3. c3 g6 4. Nf3 Bg7 5. Nxd4 Nc6 6. Be3 Nf6 7. Nd2 O-O 8.
Be2 d5 9. Nxc6 bxc6 10. exd5 cxd5 11. O-O Qc7 12. Nb3 e5 13. Rc1 h6 14. Re1 Rb8
15. Qd2 Kh7 16. f4 Be6 17. Nc5 exf4 18. Nxe6 fxe6 19. Bxf4 Qb6+ 20. Be3 Qxb2
21. Qxb2 Rxb2 22. a3 Ne4 23. Bd4 Rc8 24. Bxg7 Kxg7 25. Bg4 Kf6 26. c4 Rc6 27.
Bf3 Nd2 28. cxd5 Nxf3+ 29. gxf3 Rxc1 30. Rxc1 exd5 31. Rc6+ Kf5 32. Rd6 Rd2 33.
Kf1 Rd3 34. Ke2 Rxa3 35. Rxd5+ Ke6 36. Rd2 a5 37. Rc2 Kd5 38. Rd2+ Ke5 39. Rc2
a4 40. h4 Kf4 41. Rc4+ Ke5 42. Rc2 Rb3 43. Rc4 a3 44. Ra4 Kd5 45. Kf2 Rb2+ 46.
Ke3 a2 47. Kd3 Kc5 48. Kc3 Rf2 49. Kb3 Rxf3+ 50. Kxa2 h5 51. Ra5+ Kd4 52. Rg5
Rf6 53. Kb2 Rc6 54. Kb3 Rc3+ 55. Kb2 Rh3 56. Rxg6 Rxh4 57. Rh6 Ke3 58. Rh8 Kf3
59. Rh7 Rh2+ 60. Kb1 h4 61. Rh8 Kg3 62. Rg8+ Kh3 63. Rg1 Rg2 64. Rd1 Kh2 65.
Rd3 Rf2 66. Rd8 h3 67. Rg8 Rg2 68. Rh8 Kg3 69. Rg8+ Kf2 70. Rf8+ Kg1 71. Rd8 h2
72. Rd1+ Kf2 0-1

[Event "Woerishofen sen 2016"]
[Site "Bad Woerishofen"]
[Date "2016.03.01"]
[Round "5.62"]
[White "Zwetz, Anita"]
[Black "Thonig, Manfred"]
[Result "1/2-1/2"]
[WhiteElo "1864"]
[BlackElo "1660"]
[PlyCount "44"]
[EventDate "2016.02.26"]
[EventType "swiss"]
[EventCountry "GER"]
[WhiteTeam "Kareth Lappersdorf TSV"]
[BlackTeam "Starnberg SC"]
[WhiteTeamCountry "GER"]
[BlackTeamCountry "GER"]

1. d4 e6 2. Nf3 Nf6 3. Bg5 h6 4. Bh4 d6 5. e3 g5 6. Bg3 Nh5 7. Be2 Nxg3 8. hxg3
Bg7 9. c3 Bd7 10. Nbd2 Nc6 11. Nh2 Qe7 12. Qc2 a6 13. g4 d5 14. f4 gxf4 15.
Ndf3 O-O-O 16. exf4 f6 17. O-O-O Qd6 18. g3 Be8 19. Nf1 Bf7 20. Ne3 Ne7 21. Nh4
Kb8 22. Rhg1 Qb6 1/2-1/2

[Event "Woerishofen sen 2016"]
[Site "Bad Woerishofen"]
[Date "2016.03.01"]
[Round "5.63"]
[White "Erdmann, Wolfgang"]
[Black "Schmid, Arnold"]
[Result "1-0"]
[WhiteElo "1729"]
[BlackElo "1578"]
[PlyCount "105"]
[EventDate "2016.02.26"]
[EventType "swiss"]
[EventCountry "GER"]
[WhiteTeam "Altstadt SC Roter Turm"]
[BlackTeam "Oberbilker SV"]
[WhiteTeamCountry "GER"]
[BlackTeamCountry "GER"]

1. d4 d5 2. Nf3 Nf6 3. e3 c6 4. Bd3 Bg4 5. Nbd2 e6 6. h3 Bh5 7. c3 Bd6 8. O-O
O-O 9. e4 dxe4 10. Nxe4 Nxe4 11. Bxe4 Nd7 12. Qe2 Nf6 13. Bc2 Re8 14. Bg5 e5
15. g4 exd4 16. Qd3 Bg6 17. Qd2 Bxc2 18. Qxc2 dxc3 19. Qxc3 Be7 20. Qb3 Qc7 21.
Rae1 Nd5 22. Be3 Nxe3 23. Qxe3 Kf8 24. Qd3 g6 25. Qc3 Kg8 26. Qc4 Bf6 27. Re2
Rxe2 28. Qxe2 Qb6 29. Rb1 Rd8 30. b3 c5 31. Rc1 Qb4 32. Rc2 b6 33. Rd2 Bd4 34.
Qe7 Rf8 35. Rxd4 Qc3 36. Rd8 Rxd8 37. Qxd8+ Kg7 38. Qd5 Qf6 39. Qe5 Qxe5 40.
Nxe5 Kf6 41. Nc4 Kg5 42. Kg2 Kf4 43. Nd2 b5 44. Kf1 a5 45. Ke2 g5 46. Kd3 h6
47. Ke2 f6 48. Kd3 f5 49. gxf5 Kxf5 50. Ke3 h5 51. f3 h4 52. Ne4 c4 53. bxc4
1-0